<?xml version="1.0" encoding="UTF-8"?><?xml-stylesheet type="text/xsl" href="static/style.xsl"?><OAI-PMH xmlns="http://www.openarchives.org/OAI/2.0/" xmlns:xsi="http://www.w3.org/2001/XMLSchema-instance" xsi:schemaLocation="http://www.openarchives.org/OAI/2.0/ http://www.openarchives.org/OAI/2.0/OAI-PMH.xsd"><responseDate>2026-06-07T15:52:55Z</responseDate><request verb="GetRecord" identifier="oai:docta.ucm.es:20.500.14352/113768" metadataPrefix="marc">https://docta.ucm.es/rest/oai/request</request><GetRecord><record><header><identifier>oai:docta.ucm.es:20.500.14352/113768</identifier><datestamp>2025-03-18T13:00:41Z</datestamp><setSpec>com_20.500.14352_14</setSpec><setSpec>col_20.500.14352_15</setSpec></header><metadata><record xmlns="http://www.loc.gov/MARC21/slim" xmlns:dcterms="http://purl.org/dc/terms/" xmlns:xsi="http://www.w3.org/2001/XMLSchema-instance" xmlns:doc="http://www.lyncode.com/xoai" xsi:schemaLocation="http://www.loc.gov/MARC21/slim http://www.loc.gov/standards/marcxml/schema/MARC21slim.xsd">
   <leader>00925njm 22002777a 4500</leader>
   <datafield ind2=" " ind1=" " tag="042">
      <subfield code="a">dc</subfield>
   </datafield>
   <datafield ind2=" " ind1=" " tag="720">
      <subfield code="a">Fuentes Naharro, Mónica</subfield>
      <subfield code="e">author</subfield>
   </datafield>
   <datafield ind2=" " ind1=" " tag="720">
      <subfield code="a">Megías López, Javier</subfield>
      <subfield code="e">author</subfield>
   </datafield>
   <datafield ind2=" " ind1=" " tag="260">
      <subfield code="c">2023</subfield>
   </datafield>
   <datafield ind2=" " ind1=" " tag="520">
      <subfield code="a">El presente trabajo recoge la evolución última y tendencias actualizadas del estado de la materia sobre la introducción de la sostenibilidad y criterios ESG en el Derecho de sociedades en España, con análisis tanto de las previsiones de los códigos de buen gobierno corporativo basados en el principio cumplir o explicar, como de la regulación de Derecho positivo, con inclusión de las iniciativas para la incorporación de la Directiva sobre información no financiera (en materia de sostenibilidad), la mención al "interés de la empresa" en el art. 225 de la Ley de sociedades de capital, o la introducción en España de la conocida como Sociedad de beneficio e interés común (SBIC) como subtipo de sociedad de capital orientada a la promoción de interés de stakeholders además del interés de los socios. Para concluir con una reflexión sobre las implicaciones de la futura incorporación al ordenamiento español de la Directiva sobre diligencia debida de las empresas en materia de sostenibilidad.</subfield>
   </datafield>
   <datafield ind1="8" ind2=" " tag="024">
      <subfield code="a">Fuentes Naharro, M., Megías López, J. (2023). Sustainability in Spanish company law: state of the art and a special reference to the new SBIC (Sociedad de beneficio e interés común). European Company Case Law (ECCL), 1(1), 79-93. https://doi.org/10.5771/2752-177X-2023-1-79</subfield>
   </datafield>
   <datafield ind1="8" ind2=" " tag="024">
      <subfield code="a">2752-177X</subfield>
   </datafield>
   <datafield ind1="8" ind2=" " tag="024">
      <subfield code="a">10.5771/2752-177X-2023-1-79</subfield>
   </datafield>
   <datafield ind1="8" ind2=" " tag="024">
      <subfield code="a">https://hdl.handle.net/20.500.14352/113768</subfield>
   </datafield>
   <datafield ind1="8" ind2=" " tag="024">
      <subfield code="a">2752-1788</subfield>
   </datafield>
   <datafield ind1="8" ind2=" " tag="024">
      <subfield code="a">https://www.nomos-elibrary.de/10.5771/2752-177X-2023-1-1/titlepages-and-teaser-volume-1-2023-issue-1?page=1</subfield>
   </datafield>
   <datafield ind2="0" ind1="0" tag="245">
      <subfield code="a">Sustainability in Spanish company law: state of the art and a special reference to the new SBIC (Sociedad de beneficio e interés común)</subfield>
   </datafield>
</record></metadata></record></GetRecord></OAI-PMH>